000 00318nam a2200133Ia 4500
008 240624s9999 xx 000 0 und d
041 _aeng
082 _a658.404 HAB
100 _aHABERMAS JURGEN
245 _aEUROPE THE FALTERING PROJECT
260 _c2009
_aCambridge
_bWiley
300 _a192 : p.
365 _c
_b28
999 _c21199
_d21199